Liens entre les drapeaux #2 - Statistiques

Statistiques générales
  • Ce quiz a été pris 321 fois
    289 depuis la dernière actualisation
  • Le résultat moyen est 6 sur 14
Statistiques - réponses
Indice Pays % Correct
Échanger les couleurs puis changer le jaune en blanc Finlande
99%
Ajouter des rectangles rouges aux 4 coins Norvège
77%
Échanger le bleu et le rouge Islande
69%
Changer le rouge en orange Irlande
38%
Changer la bande de droite en rouge Italie
38%
Prendre la moitié droite du drapeau Costa Rica
37%
Faire une rotation de 180° Côte d'Ivoire
37%
Faire une rotation de 90° dans le sens horaire France
37%
Prendre la moitié haute du drapeau Pays-Bas
37%
Changer le bleu en rouge Pérou
36%
Échanger le rouge et le bleu Thailande
36%
Changer le rouge en vert Nigéria
35%
Changer le disque orange en un disque blanc et bleu Inde
34%
Faire une rotation de 90° dans le sens horaire et ajouter un disque orange Niger
33%
Aucun quiz correspondant
Distribution des résultats
% des personnes avec chaque résultat
Percentile par nombre de réponses
Votre historique - résultats
Vous n’avez pas pris ce quiz depuis la dernière actualisation